Zjednotený kódex správy a riadenia spoločností vychádzajúci z princípov OECD

Päť princípov organizácie OECD, z ktorých vychádza kódex správy a riadenia spoločností. Ciele kódexu.

Salvato in:
Dettagli Bibliografici
Natura: Capitolo di libro
Lingua:slovacco
Soggetti:
Tags: Aggiungi Tag
Nessun Tag, puoi essere il primo ad aggiungerne!!

MARC

LEADER 00000naa a2200000 4500
001 r048295
005 20231002115922.1
041 0 |a slo 
044 |a SK 
245 1 0 |a Zjednotený kódex správy a riadenia spoločností vychádzajúci z princípov OECD 
520 |a Päť princípov organizácie OECD, z ktorých vychádza kódex správy a riadenia spoločností. Ciele kódexu. 
610 2 0 |a spoločnosti 
610 2 0 |a akcionári 
610 2 0 |a rady správne 
610 2 0 |a predstavenstvo 
610 2 0 |a kódexy 
610 2 0 |a OECD 
610 2 0 |a Slovensko